Yo elegí la libertad : La vida personal y política de un funcionario soviético /

Guardado en:
Autor Principal: Kravchenko, Víctor.
Otros Autores: Rojas Vela, Enrique, (tr.)
Formato: Libro
Idioma:Undetermined
Publicado: Buenos Aires : Editorial Guillermo Kraft, 1947.
Materias:
Etiquetas: Agregar Etiqueta
Sin Etiquetas, Sea el primero en etiquetar este registro!
LEADER 00624nam a22001695a 4500
001 EHU.bham048400
005 20110927145311.0
008 110927s1947####ag############000#0#und#d
100 1 |a Kravchenko, Víctor. 
245 0 0 |a Yo elegí la libertad :  |b La vida personal y política de un funcionario soviético /  |c Víctor Kravchenko; versión castellana de Enrique Rojas Vela. 
260 |a Buenos Aires :  |b Editorial Guillermo Kraft,  |c 1947. 
300 |a 689 p. 
653 |a U.R.S.S 
653 |a Europa 
653 |a Soviets 
700 1 |a Rojas Vela, Enrique,  |e tr. 
859 |a AR-BHAM  |b BIB. HUMANIDADES - Donacion Lejarraga  |h MFN002619  |p 002619.19